Quantitative techniques for business (operations research / management, science quantitative / decision science) (Record no. 4048)
[ view plain ]
| 000 -LEADER | |
|---|---|
| fixed length control field | 00585nam a22001697i 4500 |
| 020 ## - INTERNATIONAL STANDARD BOOK NUMBER | |
| International Standard Book Number | 9789710445004 |
| 050 14 - LIBRARY OF CONGRESS CALL NUMBER | |
| Classification number | T 57.6 |
| Item number | S619 |
| 100 ## - MAIN ENTRY--PERSONAL NAME | |
| Personal name | Sirug, Winston S. |
| 245 ## - TITLE STATEMENT | |
| Title | Quantitative techniques for business (operations research / management, science quantitative / decision science) |
| Statement of responsibility, etc. | Winston S. Sirug |
| 264 #1 - PRODUCTION, PUBLICATION, DISTRIBUTION, MANUFACTURE, AND COPYRIGHT NOTICE | |
| Place of production, publication, distribution, manufacture | Intramuros, Manila: |
| Name of producer, publisher, distributor, manufacturer | Mindshapers publishing, |
| Date of production, publication, distribution, manufacture, or copyright notice | 2006. |
| 300 ## - PHYSICAL DESCRIPTION | |
| Extent | viii, 345 pages; |
| Dimensions | 26 cm. |
| 336 ## - CONTENT TYPE | |
| Content type term | text |
| Content type code | txt |
| Source | rdacontent |
| 337 ## - MEDIA TYPE | |
| Media type term | unmediated |
| Media type code | n |
| Source | rdamedia |
| 338 ## - CARRIER TYPE | |
| Carrier type term | volume |
| Carrier type code | nc |
| Source | rdacarrier |
| 650 ## - SUBJECT ADDED ENTRY--TOPICAL TERM | |
| Topical term or geographic name entry element | 1.Operations research. I.Title. |
| 942 ## - ADDED ENTRY ELEMENTS (KOHA) | |
| Koha item type | Filipiniana |
| Withdrawn status | Source of classification or shelving scheme | Damaged status | Not for loan | Collection code | Home library | Current library | Shelving location | Date acquired | Total Checkouts | Full call number | Barcode | Date last seen | Price effective from | Koha item type | Copy number |
|---|---|---|---|---|---|---|---|---|---|---|---|---|---|---|---|
| Library of Congress Classification | Non-fiction | Binangonan College Library | Binangonan College Library | Filipiniana Section | 06/07/2023 | T 57.6 S619 | URSBIN-1670 | 02/26/2016 | 09/11/2019 | Filipiniana | |||||
| Library of Congress Classification | Non-fiction | Binangonan College Library | Binangonan College Library | Filipiniana Section | 06/07/2023 | T 57.6 S619 | URSBIN-1671 | 05/06/2016 | 05/06/2016 | Filipiniana | |||||
| Library of Congress Classification | Non-fiction | Binangonan College Library | Binangonan College Library | Filipiniana Section | 06/07/2023 | T 57.6 S619 | URSBIN-1672 | 05/06/2016 | 05/06/2016 | Filipiniana | |||||
| Library of Congress Classification | Non-fiction | Binangonan College Library | Binangonan College Library | Filipiniana Section | 06/07/2023 | T 57.6 S619 | URSBIN-1674 | 05/06/2016 | 05/06/2016 | Filipiniana | |||||
| Library of Congress Classification | Non-fiction | Pililla College Library | Pililla College Library | General Stacks | 09/27/2017 | 515 S1 2006 | URSPIL-1733 | 07/19/2018 | 09/27/2017 | Filipiniana | 1 |